| 000 | 00346nam a22001457a 4500 | ||
|---|---|---|---|
| 020 | _a81-8204-036-1 | ||
| 082 |
_a651.4 _bRAS |
||
| 100 | _aRASTOGI, A.P | ||
| 245 | _aTRAVEL AGENCY OPRATION | ||
| 260 |
_aDELHI _bAMAN PUBLISHER _c2007 |
||
| 300 | _a280 | ||
| 650 | _aTRAVEL AND OPRATION MANAGEMENT | ||
| 653 | _aTRAVEL, OPRATION | ||
| 942 |
_2ddc _cBK |
||
| 999 |
_c8096 _d8096 |
||